| 000 | 00449nam a2200169 i 4500 | ||
|---|---|---|---|
| 001 | 49200 | ||
| 003 | ES-MaACL | ||
| 005 | 20230906161914.0 | ||
| 007 | t| | ||
| 008 | 030710s1975 ag ||||1| spa d | ||
| 100 | 1 |
_aCortázar, Julio. _940823 |
|
| 245 | 1 | 4 |
_aLos premios / _cJulio Cortázar. |
| 250 | _a14ª ed. | ||
| 260 |
_aBuenos Aires : _bEditorial Sudamericana, _c[1975] |
||
| 300 |
_a425 p. ; _c18 cm. |
||
| 852 |
_aES-MaACL _jE-8697 _bR.93026 |
||
| 999 |
_c49200 _d49200 |
||